Загрузка...

Introduction to the Constitution of India

Библиографические подробности
Главный автор: Basu, Durga Das
Формат: Printed Book
Язык:Undetermined
Опубликовано: Nagpur. : Lexix Nexis Butterworths, 2010
Редактирование:20 ed.
Предметы:
LEADER 00538nam a2200157Ia 4500
008 200324s9999 xx 000 0 und d
082 |a 342.54  |b BAS-I 
100 |a Basu, Durga Das 
245 0 |a Introduction to the Constitution of India 
250 |a 20 ed. 
260 |a Nagpur. :  |b Lexix Nexis Butterworths,  |c 2010 
300 |a 509p. 
650 |a President-- Local Government 
942 |c BK 
999 |c 281849  |d 281849 
952 |0 0  |1 0  |4 0  |6 342_540000000000000_BASI  |7 0  |9 300394  |a SDE  |b SDE  |d 2011-03-10  |l 0  |o 342.54 BAS-I  |p SDE17517  |r 2020-03-27  |w 2020-03-27  |y BK